| 000 | 00754nam a22002297a 4500 | ||
|---|---|---|---|
| 999 |
_c20063 _d20063 |
||
| 003 | AR-CdUCM | ||
| 008 | 190525b ||||| |||| 00| 0 spa d | ||
| 040 |
_aMUNICIPALIDAD PROVINCIAL DEL CUSCO _cBIBLIOTECA MUNICIPAL DEL CUSCO |
||
| 082 |
_a970.004 / _bB57 |
||
| 100 |
_aBilbao, Francisco _941977 |
||
| 245 | _aEl evangelio americano / | ||
| 260 |
_aBuenos Aires : _bAmericalee, _c1943. |
||
| 300 |
_a175 páginas ; _c20 cm. |
||
| 440 |
_aTiempo de América _941978 |
||
| 505 | _aContenido: La verdad principio -- La conquista -- La evolución. | ||
| 650 |
_aEl soberano _941979 |
||
| 650 |
_aReligión _91195 |
||
| 650 |
_aAmérica _91348 |
||
| 700 |
_aCuneo, Dardo (estudio preliminar) _941980 |
||
| 942 |
_2ddc _cLIBROS |
||
| 945 |
_adavv _d2019-05-25 |
||